Psicología organizacional : (Registro nro. 172667)

Detalles MARC
000 -LEADER
fixed length control field 01365nam a22003731 4500
001 - CONTROL NUMBER
control field bslw10045688
006 - FIXED-LENGTH DATA ELEMENTS--ADDITIONAL MATERIAL CHARACTERISTICS--GENERAL INFORMATION
fixed length control field m o d
007 - PHYSICAL DESCRIPTION FIXED FIELD--GENERAL INFORMATION
fixed length control field cr un ---uuuua
008 - FIXED-LENGTH DATA ELEMENTS--GENERAL INFORMATION
fixed length control field 230418s2013 ck ob 000 0 spa d
020 ## - INTERNATIONAL STANDARD BOOK NUMBER
International Standard Book Number 9789587710182
020 ## - INTERNATIONAL STANDARD BOOK NUMBER
International Standard Book Number 9789587710199
Qualifying information (e-ISBN)
035 ## -
-- 38277
040 ## - CATALOGING SOURCE
Original cataloging agency UtOrBLW
Language of cataloging eng
Description conventions rda
Transcribing agency UtOrBLW
050 #4 -
-- HF5548.8
-- .P75 2013
082 04 -
-- 158.7
-- 23
245 00 - TITLE STATEMENT
Title Psicología organizacional :
Remainder of title perspectivas y avances /
Statement of responsibility, etc compiladoras: Leonor Emilia Delgado Abella, Marilyn Vanegas García ; coautores: Juan Carlos Carvajal [and 9 others].
250 ## -
-- Primera edición.
264 #1 -
-- Bogotá, Colombia :
-- ECOE Ediciones,
-- 2013.
300 ## - PHYSICAL DESCRIPTION
Extent 1 online resource (xi, 222 pages)
336 ## -
-- text
-- txt
-- rdacontent
337 ## -
-- computer
-- c
-- rdamedia
338 ## -
-- online resource
-- cr
-- rdacarrier
490 1# - SERIES STATEMENT
Series statement Ciencias humanas. Psicología
504 ## - BIBLIOGRAPHY, ETC. NOTE
Bibliography, etc Includes bibliographical references.
650 #0 - SUBJECT ADDED ENTRY--TOPICAL TERM
Topical term or geographic name as entry element Psychology, Industrial.
650 #0 - SUBJECT ADDED ENTRY--TOPICAL TERM
Topical term or geographic name as entry element Work
General subdivision Psychological aspects.
700 1# - ADDED ENTRY--PERSONAL NAME
Personal name Delgado Abella, Leonor Emilia,
Relator term compiler.
700 1# - ADDED ENTRY--PERSONAL NAME
Personal name Vanegas García, Marilyn,
Relator term compiler.
700 1# - ADDED ENTRY--PERSONAL NAME
Personal name Carlos Carvajal, Juan,
Relator term contributor.
830 #0 -
-- Colección Ciencias humanas.
-- Area Psicología.
856 40 - LOCALIZACIÓN Y ACCESO ELECTRÓNICO
Identificador Uniforme del Recurso (URI/URL) https://app.vlex.com/#/sources/38277
942 ## -
-- RAA
999 ## -
-- 172667
-- 172667

No hay ítems disponibles.


CONTACTO


NOSOTROS


SITIOS DE INTERES

coordinacion.biblioteca.biblioteca@unienlinea.mx Misión, Visión y Objetivos Bases de datos
Directorio Bibliotecas Digitales y Repositorios
Normatividad Revistas y artículos
Convenios interbibliotecarios
Boletines



Hecho en México. Universidad Insurgentes (UIN). Todos los derechos reservados 2024. Esta página y sus contenidos pueden ser reproducidos con fines no lucrativos, siempre y cuando no se mutile, se cite la fuente completa y su dirección electrónicas. De otra forma requiere permiso previo por escrito de la institución




2024 Copyright Universidad Insurgentes | www.bibliouin.com.mx